000 00847nam a22002417a 4500
005 20260203095511.0
008 260203t ||||| |||| 00| 0 spa d
020 _a9788413611686
040 _aCO-BoUCM
_cDavid Moreno
_dDavid Moreno
041 _aspa
100 1 _aLarson, Erik
_9128365
245 1 0 _aEl mito de la inteligencia artificial
_bpor qué las maquinas no pueden pensar como nosotros lo hacemos
_cErik Larson
250 _a5a.Ed
260 _aMadrid, España
_bShackleton Books
_c2025
300 _a368 páginas
650 1 4 _aInteligencia artificial
_917844
650 1 4 _aTransformación digital
_9179932
650 1 4 _aTecnología y sociedad
_9172849
650 1 4 _aAutomatización
_99787
650 1 4 _aImpacto tecnológico
_9187878
942 _2DEWEY
_a16
_cLIBRO
_e5
_h303.483
_mL334m
_n0
999 _c326053
_d326053